|
|
|
|
| LEADER |
01526nam a22003733i 4500 |
| 001 |
EBC7247306 |
| 003 |
MiAaPQ |
| 005 |
20231204023229.0 |
| 006 |
m o d | |
| 007 |
cr cnu|||||||| |
| 008 |
231204s2023 xx o ||||0 ger d |
| 020 |
|
|
|a 9783839435311
|q (electronic bk.)
|
| 020 |
|
|
|z 9783732835317
|
| 035 |
|
|
|a (MiAaPQ)EBC7247306
|
| 035 |
|
|
|a (Au-PeEL)EBL7247306
|
| 035 |
|
|
|a (OCoLC)1380730010
|
| 040 |
|
|
|a MiAaPQ
|b eng
|e rda
|e pn
|c MiAaPQ
|d MiAaPQ
|
| 100 |
1 |
|
|a Mohn, Bina Elisabeth.
|
| 245 |
1 |
0 |
|a Kamera-Ethnographie :
|b Ethnographische Forschung im Modus des Zeigens. Programmatik und Praxis.
|
| 250 |
|
|
|a 1st ed.
|
| 264 |
|
1 |
|a Bielefeld :
|b transcript,
|c 2023.
|
| 264 |
|
4 |
|c Ã2023.
|
| 300 |
|
|
|a 1 online resource (281 pages)
|
| 336 |
|
|
|a text
|b txt
|2 rdacontent
|
| 337 |
|
|
|a computer
|b c
|2 rdamedia
|
| 338 |
|
|
|a online resource
|b cr
|2 rdacarrier
|
| 490 |
1 |
|
|a Locating Media/Situierte Medien
|
| 588 |
|
|
|a Description based on publisher supplied metadata and other sources.
|
| 590 |
|
|
|a Electronic reproduction. Ann Arbor, Michigan : ProQuest Ebook Central, 2023. Available via World Wide Web. Access may be limited to ProQuest Ebook Central affiliated libraries.
|
| 655 |
|
4 |
|a Electronic books.
|
| 776 |
0 |
8 |
|i Print version:
|a Mohn, Bina Elisabeth
|t Kamera-Ethnographie
|d Bielefeld : transcript,c2023
|z 9783732835317
|
| 797 |
2 |
|
|a ProQuest (Firm)
|
| 830 |
|
0 |
|a Locating Media/Situierte Medien
|
| 856 |
4 |
0 |
|u https://ebookcentral.proquest.com/lib/matrademy/detail.action?docID=7247306
|z Click to View
|